Vista normal
Vista MARC
Entrada Nombre personal
Número de registros utilizados en: 7
001 - NÚMERO DE CONTROL
- Campo de control: 8345
003 - IDENTIFICADOR DE NÚMERO DE CONTROL
- Campo de control: OSt
005 - FECHA Y HORA DE LA ULTIMA MODIFICACION
- Campo de control: 20131030154548.0
008 - ELEMENTOS DE DATOS DE LONGITUD FIJA
- Campo de longitud fija: 131030|| aca||aabn | a|a d
040 ## - FUENTE DE LA CATALOGACIÓN
- Agencia original de catalogación: OSt
100 1# - ENCABEZAMIENTO--NOMBRE DE PERSONA
- Nombre personal: Trujillo, Federico
670 ## - FUENTE DE DATOS ENCONTRADOS
- Fuente de citación: Río Lempa : caudal de vida, 2006
670 ## - FUENTE DE DATOS ENCONTRADOS
- Fuente de citación: BMC, 30-10-2013